[Event "Paleochora op 11th"]
[Site "Paleochora"]
[Date "2018.07.24"]
[Round "8"]
[White "Vozinaki, Anthi Maria"]
[Black "Galunova, Tsveta"]
[Result "1-0"]
[WhiteElo "1971"]
[BlackElo "2204"]
[PlyCount "53"]
[EventDate "2018.07.18"]
[EventType "swiss"]
[EventRounds "9"]
[EventCountry "GRE"]
[SourceTitle "CBM 186 Extra"]
[Source "ChessBase"]
[SourceDate "2018.08.24"]
[SourceVersion "1"]
[SourceVersionDate "2018.08.24"]
[SourceQuality "1"]

1. e4 c5 2. Nf3 e6 3. d4 cxd4 4. Nxd4 Qb6 5. Nb3 Qc7 6. Nc3 a6 7. Bd3 Nf6 8. f4 d6 9. Be3 Be7 10. Qf3 Nbd7 11. 0-0 b5 12. a3 Bb7 13. Rae1 0-0 14. g4 d5 15. e5 Ne8 16. Qh3 g6 17. Nd4 Ng7 18. Rf3 Rfe8 19. Qh6 Rac8 20. Rh3 Nf8 21. Rf1 Bc5 22. f5 exf5 23. gxf5 gxf5 24. Nxf5 Qxe5 25. Ne7+ Rxe7 26. Bxh7+ Kh8 27. Bg6+ 1-0

[Event "Paleochora op 11th"]
[Site "Paleochora"]
[Date "2018.07.19"]
[Round "3"]
[White "Galunova, Tsveta"]
[Black "Werle, Jan"]
[Result "0-1"]
[WhiteElo "2204"]
[BlackElo "2525"]
[PlyCount "84"]
[EventDate "2018.07.18"]
[EventType "swiss"]
[EventRounds "9"]
[EventCountry "GRE"]
[SourceTitle "CBM 186 Extra"]
[Source "ChessBase"]
[SourceDate "2018.08.24"]
[SourceVersion "1"]
[SourceVersionDate "2018.08.24"]
[SourceQuality "1"]

1. d4 Nf6 2. c4 e6 3. Nc3 Bb4 4. Qc2 0-0 5. a3 Bxc3+ 6. Qxc3 b6 7. g3 Bb7 8. Nf3 d6 9. Bg2 a5 10. b3 Nbd7 11. 0-0 Qe7 12. Bb2 Be4 13. Rfd1 h6 14. Rac1 Rfe8 15. Ne1 Bxg2 16. Nxg2 e5 17. Ne3 e4 18. b4 Qe6 19. Kg2 axb4 20. axb4 d5 21. cxd5 Nxd5 22. Nxd5 Qxd5 23. Qxc7 Nf6 24. Qc2 h5 25. h4 Red8 26. Kg1 e3 27. Rd3 exf2+ 28. Kxf2 Re8 29. Rf3 Qe6 30. Qc4 Qh3 31. Kg1 Rac8 32. Qd3 Ng4 33. Rf2 Qh1+ 34. Kxh1 Nxf2+ 35. Kg2 Nxd3 36. exd3 Re2+ 37. Kf3 Rce8 38. Ba1 R8e3+ 39. Kf4 Rxd3 40. Rc8+ Kh7 41. Rc6 Rd1 42. Kf3 Re6 0-1

[Event "GRE-chT 46th"]
[Site "Rio Achaia"]
[Date "2018.07.13"]
[Round "5.8"]
[White "Petraki, Maria"]
[Black "Galunova, Tsveta"]
[Result "1-0"]
[WhiteElo "1962"]
[BlackElo "2204"]
[PlyCount "147"]
[EventDate "2018.07.10"]
[EventType "team"]
[EventRounds "7"]
[EventCountry "GRE"]
[SourceTitle "CBM 185 Extra"]
[Source "ChessBase"]
[SourceDate "2018.07.29"]
[SourceVersion "1"]
[SourceVersionDate "2018.07.29"]
[SourceQuality "1"]
[WhiteTeam "So Thomas Georgiou"]
[BlackTeam "Alexandropulis Mas National"]
[WhiteTeamCountry "GRE"]
[BlackTeamCountry "GRE"]

1. e4 c5 2. Nf3 e6 3. d4 cxd4 4. Nxd4 Qb6 5. Nb3 Qc7 6. Nc3 a6 7. Bd3 d6 8. 0-0 Nf6 9. f4 Be7 10. Qf3 Nbd7 11. Bd2 b5 12. Rae1 Bb7 13. Qg3 b4 14. Nd1 g6 15. Kh1 Nc5 16. Nxc5 Qxc5 17. Be3 Qc7 18. Bd4 0-0 19. f5 e5 20. Bg1 Nh5 21. Qg4 Bf6 22. Ne3 Nf4 23. b3 Rae8 24. Nc4 d5 25. Nd2 Kg7 26. exd5 h5 27. Qg3 h4 28. Qg4 h3 29. gxh3 Bxd5+ 30. Be4 Qc6 31. Bxd5 Qxd5+ 32. Ne4 Rh8 33. Rf3 Bh4 34. Ree3 Rh5 35. f6+ Bxf6 36. Nxf6 Kxf6 37. Rd3 Qe4 38. Qd7 Reh8 39. Rde3 Qf5 40. Qd6+ Kg7 41. Rxe5 Qxe5 42. Bd4 f6 43. Bxe5 fxe5 44. Qxb4 Kh6 45. Qe7 Nxh3 46. Qf6 Re8 47. Qxa6 e4 48. Re3 Nf2+ 49. Kg1 Ng4 50. Rg3 Ne5 51. Qe2 Kh7 52. Qxe4 Rf5 53. Rc3 Rg5+ 54. Rg3 Rf5 55. a4 Rd8 56. Qe2 Rdf8 57. Kg2 Nc6 58. c3 R8f7 59. b4 Re7 60. Qd2 Rfe5 61. Kf2 Rf5+ 62. Rf3 Rh5 63. Kg1 Ne5 64. Rg3 Rf5 65. Kg2 Rd7 66. Rh3+ Kg8 67. Qe2 Kg7 68. a5 Rc7 69. b5 Nc4 70. b6 Rc6 71. Qe7+ Rf7 72. Rh7+ Kxh7 73. Qxf7+ Kh6 74. b7 1-0